Ciencia y método : entre el control y la emancipación /

En el presente volumen se reúnen una serie de ensayos, cuyo eje lo constituye la noción de ciencia y método referido a las ciencias sociales. Se trata de un trabajo de exposición del pensamiento de algunos autores que ejercen, o han ejercido, una influencia decisiva en la reflexión sobre la constitu...

Celý popis

Uloženo v:
Podrobná bibliografie
Hlavní autor: Valle Cruz, Maximiliano (autor)
Další autoři: Ramírez Martínez, Rosa María (autor) (autor)
Médium: Kniha
Jazyk:španělština
Vydáno: Toluca, México : Universidad Autónoma del Estado de México, Centro de Investigación y Estudios Avanzados de la Población, 1997, c1997
Edice:(Hechos de Población)
Témata:
Tagy: Přidat tag
Žádné tagy, Buďte první, kdo vytvoří štítek k tomuto záznamu!

MARC

LEADER 00000nam^a2200000^a^4500
001 000108453
005 20250521000000.0
009 20260310093646.247
020 |a 968-835-368-X 
037 |a Acervo ITESO - Biblioteca 
041 |a ESP 
082 |a 121.  |b VAL 
100 |a Valle Cruz, Maximiliano  |e (autor) 
245 1 0 |a Ciencia y método :  |b entre el control y la emancipación /  |c M. Valle Cruz, R.M. Ramírez Martínez. 
264 4 |a Toluca, México :  |b Universidad Autónoma del Estado de México, Centro de Investigación y Estudios Avanzados de la Población,  |c 1997, c1997 
300 |a 157 p. 
336 |a texto  |b txt  |2 rdacontenido 
337 |a sin mediación  |b n  |2 rdamedio 
338 |a volumen  |b nc  |2 rdasoporte 
440 1 |a (Hechos de Población) 
520 |a En el presente volumen se reúnen una serie de ensayos, cuyo eje lo constituye la noción de ciencia y método referido a las ciencias sociales. Se trata de un trabajo de exposición del pensamiento de algunos autores que ejercen, o han ejercido, una influencia decisiva en la reflexión sobre la constitución científica del conocimiento social. 
649 |a XX 
650 |a Ciencias Sociales -  |x Filosofía 
650 |a Epistemología 
650 |a Positivismo -  |x Historia y Crítica 
650 |a Filósofos 
650 |a Sociólogos 
700 |a Ramírez Martínez, Rosa María  |e (autor) 
910 |a Fondo General 
920 |a Impresos - Libros 
930 |a Colección General 
905 |a 101 
901 |a 0500044420  |b IT1  |c ACC  |u 20250521 
902 |a https://opac.biblio.iteso.mx/vufind/Record/000108453